[Event "FIDE GP"]
[Site "Dubai"]
[Date "2002.04.05"]
[Round "3.1"]
[White "Topalov, Veselin"]
[Black "Leko, Peter"]
[Result "1-0"]
[WhiteElo "2739"]
[BlackElo "2713"]
[Annotator "Golod,V"]
[PlyCount "127"]
[EventDate "2002.04.03"]
[EventType "k.o. (rapid)"]
[EventRounds "5"]
[EventCountry "UAE"]
[SourceTitle "CBM 089"]
[Source "ChessBase"]
[SourceDate "2002.08.12"]
[SourceVersion "1"]
[SourceVersionDate "2002.08.12"]
[SourceQuality "1"]

1. e4 c5 2. Nf3 Nc6 3. Nc3 e6 4. d4 cxd4 5. Nxd4 Nf6 6. Nxc6 bxc6 7. e5 Nd5 8.
Ne4 Bb7 $5 (8... Qc7 $5 {It's main line.}) 9. Be2 c5 10. O-O Qc7 11. Nd6+ ({
After:} 11. f4 $6 {black has two equal options: 11...c4 or 11... f5}) 11...
Bxd6 12. exd6 {[%csl Yd1,Rd6][%cal Gc2c4,Gc4d5]} Qc6 13. f3 c4 {/\Rc8 and Qxd6.
} 14. Qd4 O-O 15. Bxc4 Qxd6 ({Also were checked in the preceding games:} 15...
Rfc8 16. b3 $5 {See comments to Kasparov,G-Grischuk,A/Cannes,2001/CBM 82(1/2-1/
2)(Golod,V)(48)} (16. Bxd5 $5 {See comments to Kasparov,G-Grischuk,A/Linares,
2001/CBM 82(1-0)(Golod,V)(45)})) 16. Rf2 $5 $146 {[%csl Yf2,Rg1][%cal Yf2c2]
[%mdl 8] Veselin Topalov don't want to exchange the queens and to receive only
minimal advantage in the middlegame.} ({After:} 16. Bb3 Qb6 {[%csl Gb6,Rd4,Rg1]
Black has a little worse middlegame: Kasparov,G-Leko,P/Linares,1999/CBM 70(1/
2-1/2)(Golod,V)(48)}) ({Also deserves attention:} 16. Rd1 $5 {You can see
comments to games: Svidler,P-Illescas Cordoba,M/Dos Hermanas,1999/CBM 71(1/2-1/
2)(Golod,V)(26) and Anand,V-Leko,P/Dortmund,1999/CBM 72(1/2-1/2)(Golod,V)(29)})
16... Qb6 $5 ({From my point of view,a little dubiously:} 16... e5 17. Qh4 Rac8
18. Bd2 $14 Qb6 $140 19. Bd3 f5 20. c4 $1 e4 {[%csl Rd2,Rd3,Rf2][%cal Ge4d3,
Ge4e3]} 21. fxe4 fxe4 22. Bxe4 {[%csl Rh7]} Qxf2+ 23. Qxf2 Rxf2 24. Kxf2 Rxc4
25. Re1 $14 {_|_}) 17. Qh4 Rac8 18. b3 {[%cal Gc1b2]} Ne3 $6 {[%csl Rc4] The
rather unsuccessful decision.} ({Can be recommended:} 18... Nb4 $5 {[%csl Rc2,
Gc8][%cal Gd7d5]}) 19. Bd3 Nf5 {It is necessary to come back by the knight.} ({
Badly:} 19... f5 {in view of:} 20. Bb2 {[%csl Rb6,Re3][%cal Gb2d4]} Nxc2 $140
$2 21. Bxc2 $1 Rxc2 22. Bd4 Qc7 23. Rxc2 Qxc2 24. Qe7 Rf7 25. Qd8+ Rf8 26. Qxd7
{[%csl Rb7,Rg7]} e5 (26... Rf7 $143 27. Qe8+ Rf8 28. Qxe6+ Rf7 (28... Kh8 $2
29. Qe7 {[%csl Rb7,Rg7]}) 29. Qe8+ Rf8 30. Qe5 $1 Rf7 31. Bc5 $18 {[%csl Rf7,
Rg8][%cal Ge5e8,Ge5b8]}) 27. Qe6+ Kh8 (27... Rf7 $143 28. Qe8+ Rf8 29. Qxe5 Rf7
30. Bc5 {[%csl Rf7,Rg8][%cal Ge5e8,Ge5b8]}) 28. Qxe5 Rg8 29. Bxa7 $18) 20. Qf4
{[%csl Rf5] This move is much better,than:} (20. Bxf5 exf5 21. Bb2 Rxc2 (21...
Rfe8 $5) 22. Bd4 Qc7 23. Qg5 f6 24. Qxf5 Rxf2 25. Bxf2 Re8 $14) 20... Qd4 21.
Qxd4 $1 {Now Veselin Topalov exchange the queens in more favourable situation.}
Nxd4 22. Be3 Nc6 ({Senselessly:} 22... e5 {in view of:} 23. Rd1 {[%csl Rd4]})
23. Bc5 $1 {[%mdl 32] ><d6} Rfe8 24. Bd6 {+/=/+/-} Ne7 {[%cal Gc8c6]} 25. Rd2 {
[%csl Yd2,Gd6][%cal Yd2d6]} Nf5 {Hardly it is possible to offer something
another.} 26. Bxf5 exf5 27. c4 a6 28. Kf2 g5 29. h4 $1 {White want to weaken
pawns structure of the contender on the king side.} f6 30. Bb4 {[%csl Rd7,Rf6]
[%cal Gd2d6]} Bc6 31. Rd6 Re6 32. Rxe6 $1 {[%csl Ga2,Gb3,Gc4][%mdl 32] Now it
will be easier to move PP of the queen side.} dxe6 33. hxg5 fxg5 34. Be7 h6 (
34... g4 $143 35. fxg4 fxg4 36. Rd1 {<->d} (36. b4 {[%csl Ga2,Gb4,Gc4][%cal
Ga2a4]})) 35. Rd1 {<->d} Kf7 36. Bd8 $1 Ke8 $140 (36... e5 $6 37. Rd6 {[%csl
Rh6]} Ke8 38. Bf6 e4 39. fxe4 fxe4 (39... Bxe4 $2 40. Rxa6) 40. Ke3 $16) 37.
Ba5 {[%csl Ya5][%cal Ya5d8]} Ke7 38. Rh1 {[%csl Rh6]} Rh8 39. Bb4+ Kf6 40. Rd1
Rc8 41. Ba5 f4 42. Bc3+ Kf7 43. Rh1 Kg6 44. Re1 Bd7 45. Re5 h5 46. Ra5 Rc6 47.
Bb4 Kf6 48. Bc3+ Kg6 49. Be5 $16 {[%csl Ga5,Ge5] At last, white pieces have
occupied ideal positions.} Bc8 50. c5 {The progress of the pawns should decide
outcome of game.} Kf5 51. Bd6 Bb7 52. b4 {[%cal Ga2a4,Gb4b5]} e5 53. a4 Rc8 {
[%tqu "En","?White can win some material after one good move.","It is
necessary to use a weakness of the black king!","","d6e5","",10]} 54. Bxe5 $1 (
54. b5 $143 Ke6 $1 {[%csl Rd6]}) 54... Bd5 $6 ({Leads to hopeless RR endgame:} 
54... Kxe5 55. c6+ Kd6 56. cxb7 Rc2+ 57. Kg1 Kc7 58. Rxg5 Kxb7 59. Re5 $1 $18 {
[%cal Ge5e4]} (59. Rxh5 $2 Rc4 60. Re5 $140 Rxb4 61. Re4 a5 {[%csl Ya5][%cal
Ya5b4,Gb7c6,Gc6d5]})) ({More stubborn resistance after:} 54... Bxf3 $1) 55. Bd6
g4 56. c6 {[%csl Rd5]} Ke6 57. Bxf4 gxf3 $2 (57... Rxc6 $142 58. Kg3 gxf3 59.
gxf3 h4+ 60. Kg4 h3 61. Bg3 {[%cal Gf3f4] +/-/+-}) 58. c7 $1 fxg2 59. Rxa6+ Kf5
60. Bh2 $18 {The rest is a matter of technics.} Kg4 {[%cal Gc8f8]} 61. Rf6 {
[%csl Yf6]} Kh3 62. Bd6 Rg8 63. Rg6 $1 {[%csl Gc7][%cal Gc7c8]} Re8 (63... Rxg6
$2 64. c8=Q+ Be6 65. Qc3+ {and mate in 4 moves.}) 64. Rg3+ {Black resigns
after this move,because of next variants:} (64. Rg3+ Kh4 (64... Kh2 $2 65. Rc3+
Kh1 66. Rh3#) 65. Rxg2 ({Much worse is:} 65. c8=Q {because of:} g1=Q+ (65...
Rxc8 $4 66. Be7#) 66. Rxg1 Rxc8 67. Be7+ Kh3 68. Rg3+ Kh2 69. Bd6 Rc2+ 70. Ke1
{+/-/+-}) 65... Bxg2 66. Kxg2 {[%cal Gb4b5,Gb5b6,Gb6b7]}) 1-0

[Event "FIDE GP"]
[Site "Dubai"]
[Date "2002.04.05"]
[Round "3.2"]
[White "Leko, Peter"]
[Black "Topalov, Veselin"]
[Result "1-0"]
[WhiteElo "2713"]
[BlackElo "2739"]
[Annotator "Huzman,A"]
[PlyCount "95"]
[EventDate "2002.04.03"]
[EventType "k.o. (rapid)"]
[EventRounds "5"]
[EventCountry "UAE"]
[SourceTitle "CBM 089"]
[Source "ChessBase"]
[SourceDate "2002.08.12"]
[SourceVersion "1"]
[SourceVersionDate "2002.08.12"]
[SourceQuality "1"]

1. e4 e5 2. Nf3 Nf6 3. Nxe5 d6 4. Nf3 Nxe4 5. d4 d5 6. Bd3 Nc6 7. O-O Be7 8. c4
Nb4 9. Be2 Be6 10. Nc3 O-O 11. Ne5 c5 12. Nxe4 dxe4 13. d5 Bc8 14. a3 Na6 15.
f3 $146 {[%mdl 12]} Bd6 (15... f6 $5 16. Ng4 f5 17. Nf2 Bd6 $132) 16. f4 f6 17.
Ng4 f5 18. Ne5 $1 (18. Nf2 Nc7 (18... Nb8 19. Be3 Nd7) 19. Be3 Ne8) 18... Nb8 (
18... Qe7 19. Be3 Bxe5 20. fxe5 Qxe5 21. Qd2 $44) 19. b4 $1 Nd7 (19... cxb4 20.
Qd4 $1 (20. axb4 Bxb4 21. Be3 b6 (21... Na6 22. Rxa6 bxa6 23. c5 $18) 22. Qb3 (
22. d6 Be6) (22. c5 Bxc5 23. Bxc5 bxc5 24. d6 Be6 25. Bc4 Bxc4 26. Nxc4 Nd7 27.
Qd5+ Kh8 28. Ne5 $44) 22... Qd6 $13) 20... Na6 (20... Qb6 21. Be3 Qxd4 22. Bxd4
b6 23. axb4 $16) 21. axb4 Nxb4 (21... Bxb4 22. Rxa6 (22. Ba3 Bxa3 (22... b6 23.
Nc6 Bxa3 24. Rxa3 Qd6 25. Rfa1 Nc5 26. Rxa7 $16) 23. Rxa3 Qd6 24. Rfa1 $44 {
/\25.Ra6}) 22... bxa6 23. c5 $44)) 20. bxc5 Bxc5+ (20... Nxc5 21. Bb2 (21. Be3
Qc7 $13 22. Qd4) 21... Bd7 22. Rb1 Qe7 $14) 21. Kh1 Bd6 22. Bb2 Re8 23. Rb1 $1
Qe7 (23... Nxe5 24. fxe5 Bxe5 25. c5 $1 $44 (25. Bxe5 Rxe5 26. Qd4 $44 {
[%cal Gc4c5]})) 24. Qb3 b6 (24... Nxe5 25. fxe5 Bxe5 26. Bxe5 Qxe5 27. c5 $44)
25. Bh5 $1 Rf8 26. Qg3 $36 {[%csl Ge5]} Bb7 27. a4 $1 {[%cal Ga4a5]} Rac8 28.
a5 Nf6 29. Be2 (29. Bd1 $5) 29... Bc5 30. Qg5 $1 Rce8 31. Bd1 $1 {[%cal Gd1a4]}
e3 (31... b5 32. cxb5 Nxd5 (32... Bxd5 33. Qxf5 e3 34. Qd3 $16) 33. Bb3 Qxg5
34. fxg5 $16 {[%cal Gb3g8]}) 32. Bf3 Ne4 33. Qxe7 Rxe7 34. Bxe4 fxe4 35. g3 $16
b5 $2 (35... Bb4 36. axb6 axb6 37. Rfc1 e2 38. Kg2 (38. Bc3 Bxc3 39. Rxc3 Rxe5
$19) 38... Rc8 39. Kf2 e1=Q+ 40. Rxe1 Bxe1+ 41. Kxe1 $44 {/+/-}) (35... g5 $2
36. Ng4 $18) 36. cxb5 Bxd5 37. Rfc1 Bd6 (37... Rc7 $142 38. Nc6 $1 (38. Bd4
Rfc8 39. Bxc5 Rxc5 40. Rxc5 Rxc5 41. Kg1 Rc2 42. b6 axb6 43. axb6 Bb7 $132)
38... Bd6 39. Bd4 a6 40. Bb6 Rcc8 41. Bxe3 axb5 42. Rxb5 Bxc6 43. Rb6 $16) 38.
Rd1 $1 Bxe5 39. Rxd5 $18 Bxb2 40. Rxb2 Rc8 41. Kg2 Rec7 42. Kf1 Rc2 43. Rxc2
Rxc2 44. Rd8+ Kf7 45. Rd7+ Ke6 46. Rxa7 Kf5 {[%cal Yf5g4,Yg4f3]} 47. h3 $1 e2+
48. Ke1 1-0

[Event "FIDE GP+"]
[Site "Dubai"]
[Date "2002.04.07"]
[Round "4.2"]
[White "Topalov, Veselin"]
[Black "Karpov, Anatoly"]
[Result "1/2-1/2"]
[WhiteElo "2739"]
[BlackElo "2693"]
[Annotator "Gershon,A"]
[PlyCount "59"]
[EventDate "2002.04.03"]
[EventType "k.o. (rapid)"]
[EventRounds "5"]
[EventCountry "UAE"]
[SourceTitle "CBM 089"]
[Source "ChessBase"]
[SourceDate "2002.08.12"]
[SourceVersion "1"]
[SourceVersionDate "2002.08.12"]
[SourceQuality "1"]

1. d4 Nf6 2. c4 e6 3. Nf3 b6 4. g3 Ba6 5. Qb3 c6 ({other moves are:} 5... Bb7
6. Nc3 Nc6 7. Qc2 Nxd4 8. Nxd4 Bxh1 9. f3 c5 10. Nb3 d5 11. Bg5 Be7 12. O-O-O
O-O {1/2-1/2 Shtyrenkov,V-Shipov,S/Orel 1997/EXT 99 (12)}) ({and:} 5... c5) 6.
Bf4 (6. Bg5 Be7 7. Nc3 d5 8. cxd5 cxd5 9. Bxf6 Bxf6 10. Rc1 Bb7 11. Bg2 O-O 12.
O-O Nc6 13. Qd1 Be7 14. a3 Na5 15. Ne5 Rc8 16. Qd3 {1/2-1/2 Halkias,
S-Nikolaidis,I/Poros 1998/EXT 99 (42)}) 6... d5 (6... Be7 7. Nc3 d5 (7... O-O
8. e4 d5 9. cxd5 cxd5 10. exd5 Nxd5 11. Nxd5 Qxd5 12. Qxd5 exd5 13. Rc1 Rc8 14.
Rxc8+ Bxc8 15. Bg2 Be6 16. Ne5 $14 {1-0 Goldin,A-Yudasin,L/Chicago USA 2002/
The Week in Chess 397 (39)}) 8. cxd5 Nxd5 9. Bg2 Nxf4 10. gxf4 O-O 11. Rc1 Bb7
12. O-O Nd7 13. Rfd1 Qb8 14. e3 c5 15. d5 $1 e5 16. d6 $1 $16 {1-0 Topalov,
V-Ljubojevic,L/Monaco MNC 2002/The Week in Chess 385 (35). (34)}) 7. cxd5 Nxd5
8. Bg5 {Here, as opposed to Topalov-Ljuboevich, white is adle to avoid the
capture on f4.} Be7 9. Bxe7 Qxe7 10. Nbd2 O-O 11. e4 ({after the "natural"} 11.
Bg2 {white would have trouble castling due to the weakness on e2. Thus he
agrees to an artificial castle.}) 11... Nf6 ({worse is:} 11... Bxf1 12. Kxf1
Nf6 13. Kg2 {and white is able to finish the development much faster than in
the game.}) 12. Rc1 Rc8 {black is in no hurry to take on f1.} 13. e5 {With
this white is gaining space but compromises his pawn structure. Now, after
black's thematic c2-c5, e5 pawn will be weak.} (13. Bxa6 Nxa6 14. O-O c5 {
with an equality}) 13... Nd5 14. Ne4 Bxf1 $1 {Only now, when there are no more
useful moves!} 15. Kxf1 Nd7 {[%cal Gc6c5]} 16. Nd6 Rc7 17. Kg2 c5 {Step one
completed. Black was able to play c5, now, white's knight on d6 becomes
vulnerable.} 18. Qa4 a6 ({bad is:} 18... cxd4 $2 19. Rxc7 Nxc7 20. Qc6 Nc5 21.
Nxd4 {with a very strong pressure}) 19. dxc5 (19. Nb5 Rcc8 20. Nd6 $11) 19...
Nxc5 20. Qd4 Nb7 $1 {exchanging the only piece that stands between black and
equality} 21. Nf5 {only move to keep trying} (21. Nxb7 Rxc1 22. Rxc1 Qxb7 $11)
(21. Rxc7 Qxc7 22. Nxb7 Qxb7 $11) 21... exf5 22. Qxd5 Rd8 23. Qb3 {[%csl Rb6]
[%cal Gb3b6]} (23. Rxc7 $6 Qxc7 24. Qb3 Nc5 25. Qc2 Qd7 $15) 23... b5 24. Rhd1
Rxd1 25. Rxd1 g6 {Now, the only thing left is to transfer the knight to e6.}
26. Qd5 Kg7 (26... Nc5 $2 27. Qa8+ Kg7 28. Rd8 $16) 27. h4 Nc5 28. Rc1 (28. Qa8
Rd7 29. Rxd7 Qxd7 $11) 28... Ne6 29. Rxc7 Qxc7 30. Nd4 1/2-1/2

[Event "FIDE GP+"]
[Site "Dubai"]
[Date "2002.04.08"]
[Round "5.1"]
[White "Bacrot, Etienne"]
[Black "Topalov, Veselin"]
[Result "0-1"]
[WhiteElo "2649"]
[BlackElo "2739"]
[Annotator "Ribli,Z"]
[PlyCount "64"]
[EventDate "2002.04.03"]
[EventType "k.o. (rapid)"]
[EventRounds "5"]
[EventCountry "UAE"]
[SourceTitle "CBM 089"]
[Source "ChessBase"]
[SourceDate "2002.08.12"]
[SourceVersion "1"]
[SourceVersionDate "2002.08.12"]
[SourceQuality "1"]

1. c4 e5 2. Nc3 Nf6 3. Nf3 Nc6 4. g3 d5 {Dieser Zug ist heutzutage wirklich
sehr beliebt, Schwarz verfügt aber auch über eine Reihe von Alternativen: 4...
Bb4, 4...Nd4 und 4...Bc5.} 5. cxd5 Nxd5 6. Bg2 Nb6 7. O-O Be7 8. d3 O-O 9. a3 {
Das ist die moderne Spielweise - Weiß kann anschließend mit b2-b4 fortsetzen.}
Be6 (9... Re8 10. b4 Bf8) 10. b4 f6 (10... a5 11. b5 Nd4) (10... Nd4) 11. Bb2
a5 12. b5 Nd4 (12... Na7 $5 13. Nd2 Rb8 14. Rb1 (14. Nb3 $1 $14) 14... Qd7 15.
a4 c6 16. bxc6 Nxc6 17. Nb5 Bb4 $1 $10 {0-1 Lobron,E-Bareev,E/Munich 1993/CBM
36/[Ribli] (40)}) 13. Nd2 c6 $146 {[%mdl 4] Interessanterweise wurde dieser
logische Zug früher nie gespielt. Mit dem Textzug befreit Schwarz seinen
Damenflügel.} (13... a4 14. Bxb7 Ra5 15. e3 (15. Bg2 Qd7 16. Qc1 Rxb5 17. e3
Nb3 18. Nxb3 Rxb3 19. Rd1 Rb8 20. Bf1 Nd5 21. Nxd5 Bxd5 22. Rd2 c5 {0-1 De
Jager,J-Gurevich,M/NED 2000/CBM 74 ext (39)}) 15... Nxb5 16. Qc2 c5 $6 (16...
Qd7 $1 17. Nxb5 Rxb5 18. Bc6 Rxb2 19. Qc1 Qd6 20. Ne4 Qxa3 $1 21. Rxa3 Bxa3
$132) 17. Nxb5 Rxb5 18. Bc6 Ra5 19. Rfd1 Qc7 20. Be4 $5 Rc8 21. Bc3 Ra7 22. Nc4
$1 $14 {Gurevich,M-Janssen,R/Haarlem 76/26 1999/[Gurevich,M] (22)}) (13... Qd7
14. Bxb7 Rab8 15. Bg2 Nxb5 16. Nxb5 Qxb5 17. Qc2 c5 18. Rfb1 Qa6 19. Bc3 $14 {
1-0 Beliavsky,A-Cvitan,O/Bled 1998/EXT 2000 (33)}) 14. bxc6 (14. a4 cxb5 15.
Nxb5 (15. axb5 Qd7 $15 {[%csl Rb5]}) 15... Nxb5 16. axb5 Qd7 $15 {[%csl Rb5]})
14... Nxc6 $13 {In dieser Stellung haben beide Seiten ihre Chancen. Weiß hat
seine Läufer auf den großen Diagonalen platziert, aber der Bb2 ist weniger
aktiv als der Bg2, der das weiße Spiel am Damenflügel unterstützt. - Schwarz
kontrolliert das Feld d4, dafür steht sein Nb6 jetzt weniger gut.} (14... bxc6
$2 15. e3 $16) 15. Nb5 $6 {Dieser Springerzug ist nur scheinbar aktiv, in
Wirklichkeit findet der Nb5 keine Unterstützung.} (15. Rb1 $13) (15. Na4 $5 $13
) 15... a4 $1 {[%csl Yb3,Rb5][%cal Ra8a5,Ra5b5] Ein starker Zug - Schwarz
verhindert das mögliche a3-a4 und beabsichtigt, den Nb5 mit Ra5 zu verjagen.}
16. Rc1 (16. Rb1 Qd7 $15 (16... Ra5 $6 17. Bc3 $13)) 16... Ra5 $15 {Schwarz
verjagt den Nb5, nimmt das Feld c5 in Beschlag und verhindert, dass Weiß
später Ne4 - Nc5 spielen kann.} 17. Nc3 Rf7 {Ein prophylaktischer Zug - in der
Folge möchte Schwarz 18...Bf8 ziehen und den Rf7 nach d7 platzieren.} 18. f4 {
Weiß sucht Aktivität zu finden, aber der Textzug schwächt den eigenen
Königsflügel.} (18. Qc2 Nd4 19. Qb1 Nd5 $15) 18... exf4 19. Rxf4 $6 (19. gxf4
Nd5 $15) 19... f5 $1 {[%cal Ge7g5,Gg5c1] Schwarz bereitet die Aktivierung des
schwarzfeldrigen Läufers (Bf6 oder Bg5) vor.} 20. Kh1 $2 {[%mdl 8192] Das ist
ein sehr schlechter Zug, der Materialverlust bedeutet. Vergessen wir aber
nicht, dass dies eine Schnellpartie war...} (20. Rf1 Bg5 (20... Bc5+ 21. Kh1
Qd6 $15) 21. Rb1 Be3+ 22. Kh1 $15) 20... Bg5 $17 21. Rf1 (21. Rf2 Be3 22. Rf3
Bxd2 23. Qxd2 Nc4 24. Qc2 Nd4 $19) 21... Bxd2 22. Qxd2 Nc4 {[%cal Gd8d2] Mit
dieser kleinen Kombination gewinnt Schwarz Material.} 23. Qc2 (23. Qe1 Nxb2 24.
Rb1 Nxd3 25. exd3 Re5 26. Qd2 Bb3) 23... Ne3 {[%cal Re3c2,Re3f1]} 24. Qd2 Nxf1
25. Rxf1 {Weiß hat keine Kompensation für die Qualität.} h6 26. Rf4 Bb3 {
[%csl Gb3]} 27. Qe1 Ne7 {[%cal Ge7d5] Schwarz verbessert die Stellung seines
Springers und strebt Vereinfachungen an.} 28. Qf2 Nd5 29. Qd4 Qd7 {Nun, da die
schwarze Dame verteidigt ist, kann schon 30...Nxc3 kommen.} 30. Nxd5 Bxd5 31.
e4 (31. Bxd5 Qxd5+ (31... Rxd5 32. Qxa4 Qxa4 33. Rxa4 Re7 $19) 32. Qxd5 Rxd5
33. Rxa4 Re7 $19) 31... Bc6 32. Qc3 Rb5 $19 {[%csl Gb5][%cal Rb5b3,Rb3d3]} 0-1

[Event "Eurotel Trophy"]
[Site "Prague"]
[Date "2002.04.29"]
[Round "1.1"]
[White "Topalov, Veselin"]
[Black "Milov, Vadim"]
[Result "1-0"]
[WhiteElo "2745"]
[BlackElo "2606"]
[Annotator "Finkel,A"]
[PlyCount "123"]
[EventDate "2002.04.28"]
[EventType "k.o. (rapid)"]
[EventRounds "5"]
[EventCountry "CZE"]
[SourceTitle "CBM 089"]
[Source "ChessBase"]
[SourceDate "2002.08.12"]
[SourceVersion "1"]
[SourceVersionDate "2002.08.12"]
[SourceQuality "1"]

1. e4 e6 2. d4 d5 3. Nd2 dxe4 4. Nxe4 Nd7 5. Nf3 Ngf6 6. Nxf6+ Nxf6 7. c3 {
Quiet rare continuation,nevertheless not without poison.More popular moves in
this position are 7.Bd3 and 7.Bg5.} c5 8. Ne5 {On my opinion this move is the
most dangerous one for black.} (8. Be3 $5 Qc7 (8... cxd4 9. Bxd4 Be7 10. Ne5 (
10. Bd3 O-O 11. Qe2 Qc7 12. O-O Rd8 13. Rad1 Bd7 14. Ne5 Be8 15. Ng4 Nxg4 16.
Qxg4 g6 $11 {Sadvakasov,D-Mirzoev,A/Dubai 1999}) 10... O-O 11. Bd3 Qc7 12. O-O
Rd8 13. Qf3 $14) 9. Ne5 a6 (9... Bd6 $6 10. Bb5+ Ke7 11. Nc4 $1 Bd7 12. Bxd7
Nxd7 13. Nxd6 Qxd6 14. dxc5 Qxd1+ 15. Rxd1 $14 {Zakharov,A-Dokuchaev,A/
RUS-Cup9 Novgorod (6) 1997 (37)}) 10. Qa4+ Nd7 11. O-O-O $36 {Dvoirys,
S-Zakharevich,I/Novgorod 1997}) (8. Bg5 Be7 9. Bxf6 $6 gxf6 $6 10. Qa4+ Bd7 11.
Bb5 a6 12. Bxd7+ Qxd7 13. Qxd7+ Kxd7 14. O-O-O cxd4 15. Nxd4 Kc7 $11 {Van den
Berg,A-Bohm,H/NLD-chT 1995 (28)}) (8. Bb5+ Bd7 9. Bxd7+ Qxd7 10. Be3 cxd4 11.
Bxd4 Be7 12. O-O (12. Ne5 Qd5 13. O-O O-O 14. c4 Qd6 15. Nf3 Rfd8 16. Qe2 Qf4
$11 {Stojanovic,D-Boskovic,D/Subotica 2000}) 12... O-O 13. Qe2 Qc7 14. Rad1
Rfd8 $11 {Dvoirys,S-Zakharevich,I/1/2 final Russia Cup, Perm RUS 1997 (21)}) (
8. Bd3 b6 $6 9. Ne5 Bd6 10. Qf3 Bd7 11. Be4 Rc8 12. Bb7 Rc7 13. Nc4 Be7 14. Bf4
$16 {Abuin Boullon,M-Perez,S/Lalin 2000}) 8... Qc7 $5 $146 (8... Qa5 9. Bf4
cxd4 10. Qxd4 Bc5 11. Nc4 Bxd4 12. Nxa5 Nd5 $13 {Levy,D-Miyasaki,Y/Skopje 1972}
) (8... Nd7 $2 9. Bb5 Bd6 10. Qg4 $1 $36 {Kasparov-Ponomariov, Linares 2002}) (
8... a6 $5 9. Qa4+ Bd7 10. Nxd7 Qxd7 11. Qxd7+ Nxd7 12. dxc5 Bxc5 13. Be2 Rd8
$14 {Kasimdzhanov-Dorfman, Luebeck, 2002}) 9. Bb5+ Bd7 10. Nxd7 Nxd7 11. Be3
O-O-O 12. O-O Nf6 (12... Bd6 $5 13. g3 h5 14. Qf3 Nf6) 13. Qf3 Bd6 14. g3 Kb8
15. Rfd1 Nd5 16. dxc5 Bxc5 (16... Nxe3 $2 17. cxd6 Qc5 18. fxe3 Qxb5 19. Qxf7
$18) 17. Bxc5 Qxc5 18. Bf1 $1 {[%cal Gf1g2] in this kind of positions bishops
is much stronger piece than the knight.} Qc7 19. c4 Nf6 20. Bg2 h5 21. c5 $5 {
[%cal Gb2b5,Gc5c6]} Nd5 (21... h4 22. b4 hxg3 23. hxg3 Nd5 24. a3 Rh6 25. Rac1
Rdh8 26. b5 $14) 22. Rac1 h4 23. a3 hxg3 24. hxg3 g5 25. Qb3 (25. b4 $5 f5 {
[%cal Gc7h7]} 26. b5 Qh7 27. c6 $16) 25... Ne7 26. Qc3 Nf5 (26... Nd5 27. Bxd5
exd5 28. Rxd5 $16 {[%csl Rh8]}) 27. c6 $1 bxc6 28. Qf6 Rxd1+ 29. Rxd1 Rc8 (
29... Rg8 30. Rc1 $16) 30. Qxg5 Ne7 31. b4 Nd5 {Hoping to hold on, but Topalov
finds very good plan putting a pressure on f7} 32. Rc1 Qe7 33. Qe5+ Qc7 34. Qh5
Qd7 35. Qe5+ Qc7 36. Qd4 Qd7 37. Bf3 Rc7 38. Qh8+ Rc8 39. Qe5+ Qc7 40. Qd4 Qd7
41. Kg2 $1 {[%csl Rf7][%cal Gc1h1,Gh1h7]} Rc7 42. Rh1 Rc8 43. Rh7 Re8 $2 {
The only chance to hold on would be} (43... Rf8 $8 {defending the pawn on f7.})
44. Bxd5 $1 cxd5 45. Qf4+ Qc7 46. Qxf7 Qxf7 47. Rxf7 e5 (47... Rd8 48. Kf3 d4
49. Ke2 d3+ 50. Kd2 e5 51. Re7 Rf8 52. Rxe5 Rxf2+ 53. Kxd3 Rf3+ 54. Re3 $18)
48. Rd7 $1 {White king with some help from the rook easily stops black pawns.}
d4 49. Kf3 e4+ 50. Ke2 d3+ 51. Ke3 a6 52. f3 Kc8 53. Rd4 exf3+ 54. Kxf3 Rf8+
55. Kg2 Kc7 56. Rxd3 Rg8 57. Rd5 Kc6 58. Ra5 Kb6 59. Rf5 Rd8 60. g4 Rd3 61. Rf3
Kb5 62. g5 1-0